000 00340nab a22001097u 4500
008 130520b1983 xxu||||| |||| 00| 0 spa d
041 _aspa
100 1 _aKüng, Hans
_d(1928-)
_92965
245 0 0 _aVeinte años de teología ecuménica, ¿para qué?
_cHans Küng
773 0 _tConcilium
_gV.3,1983,págs.540-554
_x0210-1041
_wRev134
942 _cAR
999 _c355029
_d355029